000
00327nam a2200133Ia 4500
008
240624s9999 xx 000 0 und d
041
_a
eng
082
_a
658.4038 ODE
100
_a
O DELL CARLA
245
_a
KNOWLEDGE MANAGEMENT
260
_a
New Delhi
_b
Tata McGraw - Hill
300
_a
67 : p. : cm. ; 22
365
_c
RS
_b
33
999
_c
25796
_d
25796